Catalog

Record Details

Catalog Search



Svědectví dokumentů : (katolická církev v materiálech jihočeských archivů let 1949-1976)  Cover Image Book Book

Svědectví dokumentů : (katolická církev v materiálech jihočeských archivů let 1949-1976) / Martin Weis

Record details

  • ISBN: 978-80-86266-33-6
  • Physical Description: 332 s. : il., portréty, faksim. ; 21 cm
  • Edition: 1. vyd.
  • Publisher: České Budějovice : Jih, 2009

Content descriptions

General Note:
200 výt.
Bibliography, etc. Note:
Obsahuje bibliografii, bibliografické odkazy a rejstřík
Language Note:
Anglické resumé
Subject: Katolická církev
katolické církve > Česko > 1948-1989
stát a církev > Česko > 1948-1989
náboženská perzekuce > Česko > 1948-1989
komunistický režim > Česko
církevní život > Česko > 20. století
historické prameny > Česko > 1948-1989
archivní fondy > Česko > 1948-1989
církevní historiografie > Česko > 21. století
Catholic churches > Czechia > 1948-1989
church and state > Czechia > 1948-1989
religious persecution > Czechia > 1948-1989
communist regime > Czechia
church life > Czechia > 20th century
historical sources > Czechia > 1948-1989
archives > Czechia > 1948-1989
church historiography > Czechia > 21st century
Čechy jižní (Česko) > náboženské poměry > 1948-1989
Bohemia, Southern (Czechia) > religious conditions > 1948-1989
Genre: monografie
dokumenty
monographs
documents

Available copies

  • 2 of 2 copies available at Common Catalog SPOK.

Holds

  • 0 current holds with 2 total copies.
Show Only Available Copies
Location Call Number / Copy Notes Barcode Shelving Location Status Due Date
ETS Library 282 424470011937 Volný výběr Available -
Jabok Library CD-7.2 424480024002 Odborná literatura Available -

LDR 03265nam a2200817 a 4500
00112746
003CZ-PrJAB
00520190828123443.0
007ta
008100111s2009 xr ach f 001 0dcze
015 . ‡acnb002028522
020 . ‡a978-80-86266-33-6 ‡q(brož.)
035 . ‡a(CZ PrNK)nkc20102028522
035 . ‡a(OCoLC)614276953
040 . ‡aABA001 ‡bcze ‡dBOA001
0410 . ‡acze ‡beng
043 . ‡ae-xr--- ‡be-xr-cc ‡2czenas
045 . ‡ax4x7 ‡ay0y0
072 7. ‡a27 ‡xKřesťanství. Křesťanská církev všeobecně. Eklesiologie ‡2Konspekt ‡95
080 . ‡a271.4/273.2 ‡2MRF
080 . ‡a322 ‡2MRF
080 . ‡a2-67 ‡2MRF
080 . ‡a27-674.5 ‡2MRF
080 . ‡a321.74 ‡2MRF
080 . ‡a27-4 ‡2MRF
080 . ‡a930.2 ‡2MRF
080 . ‡a930.253 ‡2MRF
080 . ‡a930:27-9 ‡2MRF
080 . ‡a2-6 ‡2MRF
080 . ‡a(437.31-13) ‡2MRF
080 . ‡a(048.8) ‡2MRF
080 . ‡a(093) ‡2MRF
08214. ‡a282
1001 . ‡aWeis, Martin, ‡d1962- ‡7jo20010084832 ‡4aut
24510. ‡aSvědectví dokumentů : ‡b(katolická církev v materiálech jihočeských archivů let 1949-1976) / ‡cMartin Weis
24630. ‡aKatolická církev v materiálech jihočeských archivů let 1949-1976
250 . ‡a1. vyd.
260 . ‡aČeské Budějovice : ‡bJih, ‡c2009
300 . ‡a332 s. : ‡bil., portréty, faksim. ; ‡c21 cm
4901 . ‡aStředoevropské dějiny ; ‡vsv. 2
500 . ‡a200 výt.
504 . ‡aObsahuje bibliografii, bibliografické odkazy a rejstřík
546 . ‡aAnglické resumé
61027. ‡aKatolická církev ‡7kn20010710145 ‡2czenas
648 4. ‡a1949-1976
648 7. ‡a21. století ‡7ch460559 ‡2czenas
65007. ‡akatolické církve ‡7ph311258 ‡zČesko ‡y1948-1989 ‡2czenas
65007. ‡astát a církev ‡7ph116308 ‡zČesko ‡y1948-1989 ‡2czenas
65007. ‡anáboženská perzekuce ‡7ph117342 ‡zČesko ‡y1948-1989 ‡2czenas
65007. ‡akomunistický režim ‡7ph114960 ‡zČesko ‡2czenas
65007. ‡acírkevní život ‡7ph119306 ‡zČesko ‡y20. století ‡2czenas
65007. ‡ahistorické prameny ‡7ph114671 ‡zČesko ‡y1948-1989 ‡2czenas
65007. ‡aarchivní fondy ‡7ph118590 ‡zČesko ‡y1948-1989 ‡2czenas
65007. ‡acírkevní historiografie ‡7ph187614 ‡zČesko ‡y21. století ‡2czenas
65009. ‡aCatholic churches ‡zCzechia ‡y1948-1989 ‡2eczenas
65009. ‡achurch and state ‡zCzechia ‡y1948-1989 ‡2eczenas
65009. ‡areligious persecution ‡zCzechia ‡y1948-1989 ‡2eczenas
65009. ‡acommunist regime ‡zCzechia ‡2eczenas
65009. ‡achurch life ‡zCzechia ‡y20th century ‡2eczenas
65009. ‡ahistorical sources ‡zCzechia ‡y1948-1989 ‡2eczenas
65009. ‡aarchives ‡zCzechia ‡y1948-1989 ‡2eczenas
65009. ‡achurch historiography ‡zCzechia ‡y21st century ‡2eczenas
651 7. ‡aČechy jižní (Česko) ‡7ge131648 ‡xnáboženské poměry ‡y1948-1989 ‡2czenas
651 9. ‡aBohemia, Southern (Czechia) ‡xreligious conditions ‡y1948-1989 ‡2eczenas
655 7. ‡amonografie ‡7fd132842 ‡2czenas
655 7. ‡adokumenty ‡7fd132064 ‡2czenas
655 9. ‡amonographs ‡2eczenas
655 9. ‡adocuments ‡2eczenas
830 0. ‡aStředoevropské dějiny
910 . ‡aABG450
910 . ‡aABG312
995 . ‡aska
999 . ‡a8906 ‡bAUTOGEN ‡c8906 ‡tbiblio
901 . ‡a12746 ‡bCZ-PrJAB ‡c12746 ‡tbiblio ‡sets

Additional Resources